[Event "Ponderosa Open"]
[Site "Burley, ID"]
[Date "1975.09.22"]
[Round "5"]
[White "Buckendorf, Glen"]
[Black "Boos, Gary J"]
[Result "0-1"]
[WhiteElo "1829"]
[BlackElo "2026"]

1. e4 c5 2. Nf3 Nf6 3. Nc3 Nc6 4. d4 cxd4 5. Nxd4 d6 6. Bg5 Bd7 7. Qd2 Rc8 8.
O-O-O Nxd4 9. Qxd4 Qa5 10. Bd2 e5 11. Qd3 a6 12. Kb1 Qc7 13. f3 Be6 14. Be2 b5
15. a3 Bc4 16. Qe3 Be7 17. g4 h6 18. h4 d5 19. exd5 Bc5 20. d6 Qxd6 21. Ne4
Nxe4 22. Qxe4 Bd5 23. Qd3 Qc6 24. Ba5 Bc4 25. Qd2 O-O 26. Bxc4 bxc4 27. Qd5
Qa4 28. Bc3 Bxa3 29. Qxe5 f6 30. Qe6+ Kh8 31. g5 Rc6 32. gxf6 Rxe6 33. fxg7+
Kg8 34. gxf8=Q+ Kxf8 35. bxa3 Rb6+ 36. Bb4+ Kf7 {#R} 0-1

[Event "Idaho Open"]
[Site "Boise, ID"]
[Date "1978.05.06"]
[Round "2"]
[White "Lambson, Val"]
[Black "Vandenburg, Richard S"]
[Result "1/2-1/2"]
[WhiteElo "1609"]
[BlackElo "1887"]

1. b3 Nf6 2. Bb2 d5 3. e3 c5 4. f4 Nc6 5. Nf3 g6 6. Bb5 Bd7 7. Nc3 a6 8. Bxc6
Bxc6 9. Ne5 Bg7 10. Nxc6 bxc6 11. Na4 Qa5 12. O-O O-O 13. g4 Rfd8 14. g5 Nd7
15. Bxg7 Kxg7 16. Qe1 c4 17. f5 cxb3 18. axb3 f6 19. Nc3 Qc5 20. gxf6+ Nxf6
21. Ra4 d4 22. exd4 Rxd4 23. Rxd4 Qxd4+ 24. Kh1 Qd6 25. fxg6 hxg6 26. Qe2 Rh8
27. Re1 e6 28. Rg1 Nd5 29. Nxd5 {Ne4! - B. Goodyear.} cxd5 30. Re1 Qf4 31.
Qe5+ Qxe5 32. Rxe5 Kf6 33. Re1 Rc8 34. c3 Rc6 35. Kg2 {#d} 1/2-1/2

[Event "Idaho Open"]
[Site "Boise, ID"]
[Date "1978.05.06"]
[Round "2"]
[White "Whipple, Evan D"]
[Black "Schill, II."]
[Result "0-1"]
[WhiteElo "1628"]
[BlackElo "2060"]

1. d4 Nf6 2. c4 e6 3. Nc3 c5 4. d5 exd5 5. cxd5 d6 6. e4 g6 7. Bd3 Bg7 8. Nf3
O-O {More usual No. 8 for White is Nge2 with plan of f4 and e5.} 9. O-O Bg4
10. h3 Bxf3 {Black's plan is to blockade c5.} 11. Qxf3 a6 12. a4 Nbd7 13. Be3
Re8 14. Rfe1 Re7 15. Rad1 Qc7 {Black has no interest in trading off the B on
d3, it is a bad piece.} 16. Qe2 c4 17. Bxc4 Nxe4 18. Bd4 Rae8 19. Qd3 Ndc5 20.
Bxc5 Nxc5 21. Rxe7 Rxe7 22. Qc2 Qa5 {With advantage. White's unagressive plan
has allowed Black's pieces on their best squares.} 23. Ra1 $2 b5 24. Bb3 Qb4
25. Ra3 Re1+ 26. Kh2 Qf4+ 27. g3 Qf3 {#R} 0-1

[Event "Idaho Open"]
[Site "Boise, ID"]
[Date "1978.05.06"]
[Round "3"]
[White "Cowan, Eugene"]
[Black "Brown, Harold J"]
[Result "0-1"]
[WhiteElo "1574"]
[BlackElo "1961"]

1. c4 Nf6 2. Nc3 g6 3. g3 Bg7 4. Bg2 O-O 5. e3 e5 6. Nge2 d6 7. O-O Nc6 8. d4
Rb8 9. a3 Bd7 10. Qc2 a6 11. Bd2 Re8 12. f4 exd4 13. Nxd4 Nxd4 14. exd4 Bf5
15. Qa4 Ng4 16. c5 dxc5 17. Bf3 Bxd4+ 18. Kg2 Be3 {#R} 0-1

[Event "Idaho Open"]
[Site "Boise, ID"]
[Date "1978.05.06"]
[Round "3"]
[White "McDougall, Sanders A"]
[Black "Whitacre, William N"]
[Result "1-0"]
[WhiteElo "1613"]
[BlackElo "1968"]

1. d4 Nf6 2. c4 e6 3. Nc3 d5 4. Bg5 Nbd7 5. e3 c6 6. Nf3 Bb4 7. Qc2 Qa5 8. Nd2
O-O 9. Nb3 Qc7 10. Bd3 e5 11. O-O e4 12. Be2 dxc4 13. Bxc4 Re8 14. Nd2 Bxc3
15. Qxc3 Qd6 16. Qb3 Qf8 17. f3 b5 18. Be2 h6 19. Bxf6 Nxf6 20. fxe4 Nxe4 21.
Nxe4 Rxe4 22. Bf3 Be6 23. Qc3 b4 24. Qxc6 Rxe3 25. Qxa8 {#r} 1-0

[Event "Idaho Open"]
[Site "Boise, ID"]
[Date "1978.05.07"]
[Round "4"]
[White "Grieve, Peter J"]
[Black "Bell, Harry E"]
[Result "1-0"]
[WhiteElo "1852"]
[BlackElo "1612"]

1. e4 e5 2. f4 d5 3. exd5 e4 4. d3 Nf6 5. dxe4 Nxe4 6. Be3 Qh4+ 7. g3 Nxg3 8.
Nf3 Qh6 9. hxg3 Qxh1 10. Qe2 Bd6 11. Nbd2 O-O 12. O-O-O Bh3 13. Ne4 Bxf1 14.
Rxf1 Qh3 15. Nfg5 Qf5 16. g4 Qxd5 17. Qh2 Rd8 18. Qxh7+ Kf8 19. Nc3 Qc4 20.
Re1 f6 21. Bd2 fxg5 22. fxg5 Rd7 23. Qh8+ Kf7 24. g6+ Kf6 25. Qh4+ {#r} 1-0

[Event "Idaho Open"]
[Site "Boise, ID"]
[Date "1978.05.07"]
[Round "5"]
[White "Brown, Harold J"]
[Black "Whitacre, William N"]
[Result "0-1"]
[WhiteElo "1961"]
[BlackElo "1968"]

1. d4 Nf6 2. Nf3 e6 3. c4 d5 4. g3 Bb4+ 5. Bd2 Qe7 6. Bg2 O-O 7. O-O c5 8. e3
Nc6 9. a3 Bxd2 10. Nbxd2 cxd4 11. exd4 Rd8 $2 {11...P-QN3 was better to get
Black's QB into action. If 12. R-B now, Black is in trouble.} 12. Re1 $2 b6 {
Now things are as they should be.} 13. cxd5 Nxd5 14. Qa4 Bb7 15. Rad1 Rac8 16.
Nc4 h6 17. Nce5 a6 18. Nxc6 Rxc6 19. Ne5 Rc7 20. Qb3 b5 {It is becoming
evident that Black will use his Q4 square as a pivot to gain space on the Q
side. If White can restrain Black's attack on the QB file by trading off
pieces, Black will march his K to Q4 for an endgame advantage. White tries a
K-side attack, which is doomed to failure due to Black's ability to travel
through the center with his pawns.} 21. Bh3 Kh8 22. Qd3 Nb6 23. Ng6+ fxg6 24.
Rxe6 Qd7 25. Qxg6 Qd5 $1 26. f3 Qxf3 27. Rf1 Qh1+ 28. Kf2 Qxh2+ 29. Ke3 Nd5+ {
This game illustrates the concept of over-protection of one of the center
squares.} {#R} 0-1

[Event "Idaho Open"]
[Site "Boise, ID"]
[Date "1978.05.07"]
[Round "5"]
[White "Pupols, Viktors"]
[Black "Miller, Todd Q"]
[Result "0-1"]
[WhiteElo "2246"]
[BlackElo "2130"]

1. d4 g6 2. c4 Bg7 3. Nf3 d6 4. Nc3 Bg4 5. e3 Nc6 6. h3 Bxf3 7. Qxf3 e5 8. d5
Nb8 9. g4 Nd7 10. Bd3 h5 11. e4 Bf6 12. Be3 Bg5 13. O-O-O Qf6 14. Qe2 hxg4 15.
hxg4 Nh6 16. Nb5 Kd8 17. Rdg1 a6 18. Nc3 Ke7 19. Bxg5 Qxg5+ 20. Qd2 f6 21. Rh3
Nf7 22. Re3 Rh2 23. Nd1 Qf4 24. b4 Ng5 25. Rgg3 Rah8 26. c5 R8h4 27. Bc2 Rxg4
28. Rxg4 Qxg4 29. cxd6+ cxd6 30. Qc3 Nh3 31. Rg3 Qf4+ 32. Kb2 Nxf2 33. Nxf2
Rxf2 34. Rxg6 Kf7 35. Rg1 Qxe4 36. Kb1 Qd4 37. Qe1 Qd2 38. Qe4 f5 39. Qc4 Qd4
40. Qc8 Qxb4+ 41. Bb3 Qe4+ 42. Bc2 Qxc2+ 43. Qxc2 Rxc2 44. Kxc2 Nb6 45. Rb1
Nxd5 46. Rxb7+ Ke6 47. Kd2 Nf6 48. Ra7 Ne4+ 49. Ke3 Nc5 50. Ra8 f4+ 51. Kf3
Kd5 52. Rh8 Ne6 53. Rh6 e4+ 54. Kg4 f3 55. Kg3 Nc5 56. Rh5+ Kd4 57. Rh8 Nd3
58. Ra8 f2 59. Kg2 e3 60. Kf1 Ne5 61. Re8 Nc4 {#R} 0-1

[Event "Idaho Open"]
[Site "Boise, ID"]
[Date "1979.04.21"]
[Round "2"]
[White "Nelson, Fred M"]
[Black "Harmon, Leland D"]
[Result "1-0"]
[WhiteElo "1812"]
[BlackElo "1520"]

1. e4 e5 2. Nf3 f5 3. Bc4 {Probably the sharpest continuation.} b5 {A gambit
of dubious value. Usual is ...PxP.} 4. Bb3 $1 {Encyclopedia of Chess Opening
Vol. 1, P. 133 rates favorable for White.} fxe4 5. Nc3 $1 {This move was found
in earlier analysis with Craig Madsen. It was nice to be ready! The point is
that 5...P-Q4 can be answered by 6.BxQP and 7.BxKP.} exf3 6. Qxf3 {Threatening
mate on B7 plus the R.} d5 7. Bxd5 Qf6 8. Bxa8 c6 9. a4 Qxf3 10. gxf3 b4 11.
Ne4 Bd7 12. d4 {To answer 12...PxP with 13.B-B4.} Be6 13. dxe5 Kd7 14. Be3 a5
15. Bb6 Kc8 16. O-O-O Bd5 17. c4 bxc3 18. Nxc3 {18.PxP threatening 19.P-QB4 is
better.} Ne7 19. Rd3 {Another inaccurate move. Black now has chances for
counterplay.} Nd7 20. Ba7 Nxe5 21. Re3 Nxf3 $2 {An error! Better is 21...BxP.}
22. Nxd5 Nxd5 23. Rxf3 Kc7 24. Re1 {Better is 24.R-N.} Be7 {Better is 24...
B-N5.} 25. Rf7 Rxa8 26. Bc5 Rf8 27. Rexe7+ Nxe7 28. Rxf8 {#r} 1-0

[Event "Idaho Open"]
[Site "Boise, ID"]
[Date "1979.04.22"]
[Round "4"]
[White "Parsons, Larry R"]
[Black "McCormick, James H"]
[Result "1-0"]
[WhiteElo "1823"]
[BlackElo "2172"]

1. d4 Nf6 2. c4 c5 3. Nf3 g6 4. Nc3 cxd4 5. Nxd4 Bg7 6. e4 d6 7. Be2 O-O 8.
Be3 Nc6 9. f3 Bd7 10. Qd2 Nxd4 11. Bxd4 Bc6 12. O-O Nd7 13. Bxg7 Kxg7 14. Qd4+
Kg8 15. f4 Qb6 16. Qxb6 Nxb6 17. Rad1 Rfc8 18. b3 a5 19. e5 dxe5 20. fxe5 Rd8
21. Bf3 Bxf3 22. gxf3 Rac8 23. Rfe1 Kf8 24. Ne4 Ke8 25. Rxd8+ Rxd8 26. Nc5 Rb8
27. e6 Nc8 28. exf7+ Kxf7 29. Ne6 h6 30. c5 Na7 31. a3 b6 32. b4 axb4 33. axb4
bxc5 34. bxc5 Nc6 35. Re2 Rb4 36. Kf2 Rc4 37. Kg3 Kf6 38. f4 Rc3+ 39. Kg2 Nb4
40. Nf8 Nd3 41. Nd7+ Kf5 42. Rxe7 Nxf4+ 43. Kf2 Rc2+ 44. Kg3 Rg2+ $2 45. Kf3
g5 46. Rf7+ Ke6 47. Rxf4 gxf4 48. Nf8+ Kf7 49. Kxg2 Kxf8 50. Kf3 Ke7 51. Kxf4
Kd7 52. Kf5 Kc6 53. Kg6 Kxc5 54. Kxh6 Kd5 55. Kg6 Ke6 56. h4 Ke7 57. Kg7 {#r}
1-0

[Event "Idaho Open"]
[Site "Boise, ID"]
[Date "1979.04.22"]
[Round "5"]
[White "Lambson, Val"]
[Black "Tadlock, Noah W"]
[Result "1-0"]
[WhiteElo "1834"]
[BlackElo "1575"]

1. d4 d5 2. c4 dxc4 3. Nf3 e6 4. Qa4+ Bd7 5. Qxc4 Nf6 6. g3 c6 7. Bg2 Be7 8.
O-O O-O 9. Nc3 Na6 10. Bg5 Nc7 11. e4 h6 12. Bf4 b5 $2 {Weakening the Q-side &
dubious.} 13. Qd3 b4 14. Na4 c5 15. Bxc7 Qxc7 16. Nxc5 Bxc5 17. Rfc1 Qc6 18.
dxc5 Qxe4 $4 {Black should have been content with the loss of a pawn.} 19.
Qxe4 Nxe4 20. Ne5 {The B is en prise and the N is both en prise and pinned.}
{#r} 1-0

[Event "Idaho Open"]
[Site "Boise, ID"]
[Date "1979.04.22"]
[Round "5"]
[White "Parsons, Larry R"]
[Black "Weikel, Jerome V"]
[Result "0-1"]
[WhiteElo "1823"]
[BlackElo "2077"]

1. c4 e6 2. Nf3 d5 3. d4 c6 {Although a very solid defense, the Slav is not a
good choice here since Black has to win this game to win first place. -Weikel}
4. cxd5 exd5 5. Nc3 Nf6 6. Bg5 Be7 7. e3 {Q-B2 is the usual and stronger move.
-Parsons} Bf5 8. Bd3 Bxd3 9. Qxd3 Nbd7 10. O-O O-O 11. Rab1 {White prepares
for the thematic break P-QN4-N5 constituting the minority attack. If met
indifferently, this strategy will net a lasting plus.-Weikel} h6 12. Bh4 g5 $5
{A very slow game up to here. Black jumps at the chance to mix it up. With the
white squared Bishops off the board, Black's K-side is not as shaky as it
looks.-Weikel} 13. Bg3 Nh5 14. Ne5 Nxg3 15. Nxd7 Qxd7 {If instead 15...NxR;
16. NxR, NxP?; 17.Q-R7ch, KxN; 18.Q-R8 mate!-Parsons. Not 15...NxR because
16.NxR, BxN (NxRP leads to mate - see above); 17. KxN and white has kept his
pawn structure healthy.-Weikel} 16. fxg3 $5 {White decides to accept a bad
pawn formation, including a backward KP, in order to open lines towards the
Black king.-Weikel} Qe6 {Black wants to play ...P-KB4 but to do so immediately
allows 17. P-KN4 e.g. PxP? 18. Q-N6ch! White's next move prevents Black's
plan. -Parsons and Weikel} 17. Rf5 Bf6 18. Rbf1 Bg7 19. g4 Rae8 20. R1f3 Re7
21. h3 Rfe8 22. Kf2 {White wants to play N-K2 but couldn't at move 21 because
of Q-K5 and can't now because ...QxPch!; 23. RxQ, RxR; 24. Q-Q, RxN and Black
is winning. -Parsons} Qd6 23. Ne2 Qb4 24. Qc2 {24. Q-B3, Q-R5 and the Black
Queen has penetrated.-Weikel} a5 25. a3 Qd6 26. Ng3 Rc7 27. Nh5 Re6 ({Even
though Black made his last two moves preparing for ...P-QB4! he now becomes
afraid of } 27... c5 $1 28. Nf6+ Bxf6 29. Rxf6 cxd4 $3 30. Qf5 (30. Qh7+ $6
Kxh7 31. Rxd6 dxe3+ 32. Rxe3 Rc2+ 33. Kf3 Rxe3+ 34. Kxe3 Rxb2) 30... dxe3+ 31.
Rxe3 (31. Ke2 Qc5 $1 32. Qd3 d4 33. Rg6+ $1 Kf8 $1 34. Rxh6 Qc2+) 31... Qc5
32. Qd3 (32. Rg6+ Kf8 $1) 32... Rce7 33. Rff3 Kf8 $1 34. Ke2 Rxe3+ 35. Rxe3
Rxe3+ 36. Qxe3 Qxe3+ 37. Kxe3 Ke7 38. b4 axb4 39. axb4 Kd6 40. Kd4 b6 $1 {wins
after te runs out of tempi. Therefore, White's best seems to be 28.PxP!, RxBP;
29. Q-Q3, R/ 1-QB!-Weikel}) 28. Qd2 Bh8 $2 {28...P-N3; 29.NxB, KxN is equal.
-Parsons. Approaching time trouble Black makes a poor quick move.-Weikel} 29.
Qxa5 Rce7 $2 {(Parsons)} 30. Qa8+ {Perhaps a bit greedy. With White's Rs
locked in on the K-side it seems more prudent for White to take his one pawn
and run! Capturing the 2nd Pawn opens lines for Black's Rooks.-Weikel} Re8 31.
Qxb7 R6e7 32. Qb3 Rb8 33. Qc2 c5 {Desperation. now it's my turn to
blunder.-Parsons} 34. Nf6+ $2 {34.R-B6!! wins in every variation. The
prettiest is 34.R-B6, BxR; 35. NxBch, K-B; 36. Q-B7, R/2-N2; 37.QxPch, K-K2;
38.N-N8ch, RxN; 39.RxPch, KxR; 40.QxQ. I quickly dismissed 34.R-B6 because of
...BxR, 35.NxBch, K-B; 36.Q-B7, RxPch but then if 37.K-N Black is forced to
give up a R to prevent mate with .. .R-N8ch; 38. QxR--a recapture I
overlooked.-Parsons} (34. Qxc5 Rxb2+ 35. Kg1 { (35.K-K or K-B then ...R-B2!!)}
Rb1+ 36. Rf1 Qxc5 37. dxc5 Rxf1+ 38. Kxf1 Rxe3 39. Rxd5 Rxa3 {and Black might
be able to draw.-Weikel}) 34... Kf8 35. Rxd5 Qe6 36. Re5 $2 {Probably best is
36.RxBP, BxN wtih 4 Pawns for a Bishop.-Parsons} Qa2 $1 {Finally White's weak
second rank comes to light.-Weikel} 37. Qxc5 $4 Rxb2+ 38. Kg1 Rxg2+ {#R} 0-1

[Event "Boise Open"]
[Site "Boise, ID"]
[Date "1981.10.10"]
[Round "1.2"]
[White "Parsons, Larry R"]
[Black "Robinson, T.W."]
[Result "1-0"]
[WhiteElo "2092"]
[BlackElo "1805"]

1. c4 e6 2. Nf3 d5 3. d4 Nf6 4. Bg5 Be7 5. e3 h6 6. Bh4 O-O 7. Nc3 b6 8. Rc1
Bb7 9. cxd5 exd5 10. Be2 Nbd7 11. O-O c5 12. Qc2 Rc8 13. Qb1 Re8 14. Rfd1 Ne4
15. Bxe7 Qxe7 16. dxc5 Nxc3 17. bxc3 Rxc5 18. Bb5 Rec8 19. Nd4 Nf6 20. Qd3 Qe4
21. f3 Qxd3 22. Rxd3 Kf8 23. Ba4 Ne8 24. Nf5 b5 25. Bb3 b4 26. Ba4 Ba6 27. Rd4
Rxc3 28. Rcd1 Bc4 29. R1d2 Rc1+ 30. Kf2 Ra1 31. Bb3 g6 32. Nxh6 Nf6 33. g4 Kg7
34. g5 Rf1+ 35. Kg2 Ra1 36. Rf4 {(Time Forfeit)} {#r} 1-0

[Event "Boise Open"]
[Site "Boise, ID"]
[Date "1981.10.10"]
[Round "1.6"]
[White "Sutton, Stewart Quinn"]
[Black "Smolensky, Randall K"]
[Result "0-1"]
[WhiteElo "1875"]
[BlackElo "1739"]

1. e4 e5 2. Nf3 Nc6 3. Bb5 a6 4. Bxc6 dxc6 5. O-O Nf6 6. Nxe5 Bd6 7. Nc4 Bxh2+
8. Kxh2 Ng4+ 9. Kg3 h5 10. d4 h4+ 11. Kf3 Nh2+ 12. Ke2 Nxf1 13. Qxf1 Qxd4 14.
Ne3 Qxe4 15. Nc3 Qg6 16. Bd2 Bf5 17. Nxf5 Qxf5 18. Kd1 O-O-O 19. Kc1 h3 20.
gxh3 Rxh3 21. Qe2 Rh1+ 22. Nd1 Qd5 23. c3 Rh3 24. Ne3 Qe4 25. b3 Rh6 26. Kb2
Rhd6 27. Rd1 f5 28. Kc1 Kb8 29. Qh5 g6 30. Qg5 f4 31. Nc4 Rd5 32. Qh4 g5 33.
Qg4 Qe7 34. Re1 Qc5 35. Qe2 b5 36. b4 Qxc4 37. Qxc4 bxc4 38. Rd1 Kb7 39. Kc2
Kb6 40. a4 a5 41. Kc1 axb4 {#R} 0-1

[Event "Boise Open"]
[Site "Boise, ID"]
[Date "1981.10.10"]
[Round "1.7"]
[White "Letterman, John A"]
[Black "Colin, Leslie R"]
[Result "1-0"]
[WhiteElo "1779"]
[BlackElo "1933"]

1. d4 Nf6 2. c4 e6 3. Nc3 Bb4 4. a3 Bxc3+ 5. bxc3 d5 6. a4 Ne4 7. Qc2 f5 8. e3
O-O 9. Ba3 Rf7 10. Nf3 Nc6 11. Bd3 b6 12. cxd5 exd5 13. c4 Ba6 14. cxd5 Bxd3
15. Qxd3 Qxd5 16. O-O g5 17. Rfc1 g4 18. Rxc6 gxf3 19. Qc4 Qd8 20. g3 Rc8 21.
Rc1 Kg7 22. Qe6 Qd7 23. Qe5+ Kg8 24. Qf4 Nd2 25. Bb2 Nb3 26. R1c2 Nc5 27. Qxf3
Nxa4 28. Ba1 a5 29. Rc1 Re7 30. Qf4 Rf7 31. Qe5 Rg7 32. Qb5 f4 33. Qxa4 f3 34.
Qb3+ Kh8 35. Qe6 Qd8 36. d5 Qf8 37. Bxg7+ Kxg7 38. Rxc7+ Rxc7 39. Rxc7+ Kh8
40. Rc8 {#r} 1-0

[Event "Boise Open"]
[Site "Boise, ID"]
[Date "1981.10.10"]
[Round "2.1"]
[White "Smalec, John"]
[Black "Sutton, Stewart Quinn"]
[Result "0-1"]
[WhiteElo "1497"]
[BlackElo "1875"]

1. d4 Nf6 2. Bg5 d5 3. e3 e6 4. c4 Be7 5. Nc3 c6 6. Bd3 Nbd7 7. Nge2 dxc4 8.
Bxc4 Nd5 9. Bxe7 Qxe7 10. e4 Nxc3 11. bxc3 O-O 12. O-O e5 13. Ng3 Nb6 14. Bb3
Be6 15. dxe5 Bxb3 16. axb3 Qxe5 17. Qc2 a6 18. Rad1 Rad8 19. Rd2 Rd7 20. Rfd1
Rfd8 21. Rxd7 Rxd7 22. Rxd7 Nxd7 23. Qd2 Nf8 24. h3 g6 25. f4 Qc5+ 26. Kh2 a5
27. f5 Qe5 28. c4 Kg7 29. Qd8 h5 30. f6+ Qxf6 31. Qxa5 Qf4 32. Qc3+ Kg8 33.
Qf3 Qxf3 34. gxf3 Ne6 35. Ne2 Kf8 36. Kg3 Ke7 37. e5 Ng7 38. Kf4 f6 39. exf6+
Kxf6 40. Nd4 g5+ 41. Kg3 Nf5+ 42. Nxf5 Kxf5 43. h4 gxh4+ 44. Kxh4 Kf4 45. Kxh5
Kxf3 46. b4 Ke4 47. Kg4 Kd4 48. b5 c5 49. b6 Kxc4 50. Kf3 Kd3 51. Kf2 Kd2 {#R}
0-1

[Event "Boise Open"]
[Site "Boise, ID"]
[Date "1981.10.10"]
[Round "2.3"]
[White "O'Connor, Timothy J"]
[Black "Parsons, Larry R"]
[Result "1-0"]
[WhiteElo "1699"]
[BlackElo "2092"]

1. e4 c6 2. d4 d5 3. Nc3 dxe4 4. Nxe4 Nf6 5. Nxf6+ gxf6 6. c3 Bf5 7. Ne2 Nd7
8. Ng3 Bg6 9. Bd3 Qc7 10. Qc2 O-O-O 11. Ne2 Bxd3 12. Qxd3 h5 13. Bf4 e5 14.
Be3 Rg8 15. g3 h4 16. O-O-O Be7 17. Qc4 Rg7 18. dxe5 fxe5 19. f4 Re8 20. Rhe1
b5 21. Qe4 hxg3 22. Nxg3 Rg4 23. Qf5 Rg7 24. fxe5 Rd8 25. e6 fxe6 26. Qxe6 Bg5
27. Nf5 Bxe3+ 28. Rxe3 Rh7 29. Nd6+ Kb8 30. Nf7 Rg8 31. Rxd7 Rg1+ 32. Kc2
Rxh2+ 33. Kb3 Rgg2 34. Rxc7 Rxb2+ 35. Ka3 Kxc7 36. Rd3 Kb6 37. Nd8 b4+ 38.
cxb4 Rhc2 39. Qe3+ Ka6 40. Qe6 Rb1 41. Nxc6 Kb5 42. Nxa7# 1-0

[Event "Boise Open"]
[Site "Boise, ID"]
[Date "1981.10.11"]
[Round "3.1"]
[White "Parsons, Larry R"]
[Black "Smolensky, Randall K"]
[Result "1-0"]
[WhiteElo "2092"]
[BlackElo "1739"]

1. c4 Nf6 2. Nf3 g6 3. d4 Bg7 4. Nc3 O-O 5. e4 d6 6. Be2 c5 7. O-O cxd4 8.
Nxd4 Nc6 9. Be3 Nxd4 10. Bxd4 e5 11. Be3 a6 12. f3 Ne8 13. c5 f5 14. Qd5+ Kh8
15. Rfd1 f4 16. Bf2 Qf6 17. cxd6 Be6 18. Qxb7 Rd8 19. d7 Qf7 20. dxe8=Q Qxb7
21. Qxe6 Rde8 22. Qb3 {#r} 1-0

[Event "Boise Open"]
[Site "Boise, ID"]
[Date "1981.10.11"]
[Round "3.7"]
[White "Sutton, Stewart Quinn"]
[Black "Myers, Hugh S"]
[Result "1-0"]
[WhiteElo "1875"]
[BlackElo "1564"]

1. e4 d5 2. exd5 Nf6 3. d4 Nxd5 4. Nf3 Bg4 5. c4 Nb6 6. Be2 e6 7. O-O Be7 8.
Be3 O-O 9. Nc3 Bxf3 10. Bxf3 c6 11. b3 Bf6 12. Qc2 g6 13. Rad1 Qc7 14. Ne4 Bg7
15. c5 Nd5 16. Nd6 Na6 17. a3 b6 18. Ne4 Rab8 19. b4 Rfd8 20. cxb6 Qxb6 21.
Bg5 Rd7 22. Nc5 Nxc5 23. dxc5 Qc7 24. Bc1 Rbd8 25. Bb2 Be5 26. g3 h5 27. Rfe1
Bf6 28. Bxf6 Nxf6 29. Rxd7 Rxd7 30. Rd1 Nd5 31. Be4 Ne7 32. Rd3 Nd5 33. Qd2
Qe5 34. Bg2 Kf8 35. Qh6+ Ke7 36. Qd2 Qa1+ 37. Bf1 Nf6 38. Rxd7+ Nxd7 39. Qd6+
Kd8 40. Qxc6 Qxa3 41. Bb5 Qc1+ 42. Kg2 Qd2 43. Qa8+ Ke7 44. Qxa7 Qe1 45. Qxd7+
{#r} 1-0

[Event "Boise Open"]
[Site "Boise, ID"]
[Date "1981.10.11"]
[Round "4.1"]
[White "Parsons, Larry R"]
[Black "Letterman, John A"]
[Result "1-0"]
[WhiteElo "2092"]
[BlackElo "1779"]

1. c4 c5 2. Nf3 Nc6 3. Nc3 Nf6 4. d4 cxd4 5. Nxd4 e6 6. g3 Bb4 7. Bg2 O-O 8.
O-O Bxc3 9. bxc3 d5 10. Rb1 Na5 11. cxd5 Nxd5 12. Qd3 Nb6 13. Bf4 f6 14. Nb5
Qxd3 15. exd3 e5 16. Be3 Bf5 17. Rfd1 Nc8 18. Nc7 Rb8 19. Rb5 b6 20. Bc5 Bd7
21. Bd5+ Rf7 22. Rb2 Rb7 23. Na6 bxc5 24. Bxb7 Nxb7 25. Rxb7 Bg4 26. Rxf7 Kxf7
27. Rb1 c4 28. Rb7+ Kg6 29. dxc4 Nd6 30. Rb4 Be2 31. c5 Nc4 32. c6 Nd2 33. Nc5
Nf3+ 34. Kh1 Ne1 35. c7 Bf3+ 36. Kg1 Bd5 37. c8=Q Nf3+ 38. Kf1 Nxh2+ 39. Ke2
Bxa2 40. Qh3 a5 41. Ra4 {#r} 1-0

[Event "Boise Open"]
[Site "Boise, ID"]
[Date "1981.10.11"]
[Round "4.4"]
[White "O'Connor, Timothy J"]
[Black "Colin, Leslie R"]
[Result "1-0"]
[WhiteElo "1699"]
[BlackElo "1933"]

1. e4 c5 2. Nf3 d6 3. Bb5+ Bd7 4. Bxd7+ Nxd7 5. c4 g6 6. Nc3 Bg7 7. d4 cxd4 8.
Nxd4 Qb6 9. Ndb5 Bxc3+ 10. Nxc3 Ngf6 11. O-O Rc8 12. b3 O-O 13. Be3 Qa5 14.
Nd5 Nxd5 15. Qxd5 Qxd5 16. cxd5 Rc7 17. Rac1 Rfc8 18. Rxc7 Rxc7 19. Rc1 Rxc1+
20. Bxc1 Nc5 21. f3 Kf8 22. Kf1 Ke8 23. Ke2 Kd7 24. Be3 Kc7 25. Kd2 b6 26. Kc3
Nd7 27. Bg5 f6 28. Be3 f5 29. Bd4 fxe4 30. fxe4 Nc5 31. e5 Ne4+ 32. Kd3 dxe5
33. Bxb6+ axb6 34. Kxe4 Kd6 35. a4 e6 36. dxe6 Kxe6 37. b4 Kd6 38. a5 b5 39.
a6 Kc6 40. Kxe5 Kb6 41. Kd6 Ka7 42. Kc7 Kxa6 43. Kc6 h6 44. g3 Ka7 45. Kxb5
Kb7 46. Kc5 Kc7 47. Kd5 Kb6 48. Ke6 Kb5 49. Kf6 Kxb4 50. Kxg6 Kc4 51. Kxh6 Kd5
52. Kg6 Ke6 53. h4 Ke7 54. Kg7 {#r} 1-0

[Event "NIO"]
[Site "Moscow, ID"]
[Date "2004.07.17"]
[Round "1.1"]
[White "Campbell, Matthew"]
[Black "Meservy, Tyler James"]
[Result "1-0"]
[WhiteElo "2092"]
[BlackElo "1640"]

1. e4 d6 2. f4 Nf6 3. Nc3 g6 4. Nf3 Bg7 5. g3 c5 6. Bg2 Nc6 7. d3 O-O 8. O-O
Qb6 9. Kh1 Rb8 10. h3 e6 11. a3 a6 12. Qe1 Qc7 13. g4 Ne7 14. Ne2 d5 15. e5
Nd7 16. Ng3 Nb6 17. c3 Na4 18. h4 b5 19. h5 Nb6 20. Kh2 Kh8 21. hxg6 fxg6 22.
Rh1 h6 23. Kg1 Kh7 24. f5 exf5 25. g5 h5 26. Nxh5 gxh5 27. Qh4 Nc6 28. Qxh5+
Kg8 29. Bf4 Be6 30. Qh7+ Kf7 31. Rh6 Nd8 32. Rf6+ Ke8 33. Qg6+ Rf7 34. Rxe6+
Nxe6 35. Qxe6+ Kf8 36. Qg6 Re7 37. Qxf5+ Rf7 38. Qg4 Re8 39. g6 Rfe7 40. d4
Qd7 41. Qh5 Qc6 42. Rf1 Ra8 43. Bg5 Rea7 44. Nh4+ Ke8 45. Nf5 Nc8 46. Nxg7+
Rxg7 47. Qh8+ {#r} 1-0